| 000 | 00796nam a22002177a 4500 | ||
|---|---|---|---|
| 005 | 20240530110549.0 | ||
| 008 | 160625s2013 ua g 000 0 ara d | ||
| 017 |
_a2013/1601 _bمصر . دار الكتب المصرية |
||
| 020 | _a978977102842o | ||
| 040 | _aEG-CaGPL | ||
| 082 | 0 | 4 |
_221 _a371.071\ _bم م |
| 100 | 0 | _aمحمود يوسف الشيخ . | |
| 245 | 1 | 0 |
_aمناهج البحث فى التربية الاسلامية / _cمحمود يوسف الشيخ . |
| 250 | _aط1. | ||
| 260 |
_aالقاهرة : _bدار الفكر العربى ، _c2013 . |
||
| 300 |
_a380ص ؛ _c24 سم . |
||
| 650 | 0 | 4 |
_aالتربة الاسلامية _xبحوث . |
| 650 | 0 | 4 |
_aالتربية الاسلامية _xمناهج . |
| 942 |
_2ddc _cBK |
||
| 999 |
_c62425 _d62425 |
||